000 00609nam a22001697a 4500
003 MACL
005 20160113135022.0
008 160113b xxu||||| |||| 00| 0 eng d
040 _cMACL
041 _aHindi
082 _a001
100 _aजे के चोपडा
_917317
245 _aयूनीक क्विंटेसेन्‍स का सामान्‍य अध्‍ययन पेपर 1 2014
260 _aनई दिल्‍ली
_bयूनीक पब्लिशर्स
_c2014
650 _aसामान्‍य अध्‍ययन
_9178
942 _2ddc
_cHIN
999 _c52145
_d52145